Sobre álgebras de Hilbert /

Guardado en:
Autor Principal: Diego, Antonio.
Formato: Libro
Idioma:Spanish
Publicado: [Buenos Aires : Facultad de Ciencias Exactas y Naturales, Universidad de Buenos Aires, 1961]
Etiquetas: Agregar Etiqueta
Sin Etiquetas, Sea el primero en etiquetar este registro!
LEADER 00628nam a22001575a 4500
001 MAT.inmabb001450
008 031124s1961####ag############000#0#spa#d
005 20170816125917.0
245 1 0 |a Sobre álgebras de Hilbert /  |c por Antonio Diego. 
260 |a [Buenos Aires :  |b Facultad de Ciencias Exactas y Naturales, Universidad de Buenos Aires,  |c 1961] 
300 |a iiii, 89 h. ;  |c 29 cm. 
502 |a Tesis doctoral -- Facultad de Ciencias Exactas y Naturales, Universidad de Buenos Aires. 
100 1 |a Diego, Antonio. 
084 |a 46-XX  |2 msc2000 
859 |h 46  |i D559a  |p A-1746  |b BIB. MATEMATICA 
859 |h 46  |i D559a  |p A-1748  |t Ej. 2  |b BIB. MATEMATICA